| Tag |
First Indicator |
Second Indicator |
Subfields |
| LEADER |
00000ccm a2200000 4500 |
| 001 |
in00002173313 |
| 005 |
20240626215455.6 |
| 008 |
780707s1945 maucnu n eng |
| 010 |
|
|
|a 46001613
|
| 019 |
|
|
|a 25610466
|a 976936432
|a 1011960569
|a 1016418790
|a 1099076868
|
| 028 |
2 |
2 |
|a E. C. S. 1344
|b E. C. Schirmer
|
| 028 |
3 |
2 |
|a 2038
|b E. C. S. Choral songs
|
| 035 |
|
|
|a (OCoLC)ocm04030082
|
| 035 |
|
|
|a (OCoLC)4030082
|z (OCoLC)25610466
|z (OCoLC)976936432
|z (OCoLC)1011960569
|z (OCoLC)1016418790
|z (OCoLC)1099076868
|
| 035 |
|
|
|a (OCoLC)ocm04030082
|
| 040 |
|
|
|a DLC
|b eng
|c MDY
|d OCL
|d OCLCQ
|d OCLCG
|d MTH
|d NZ1
|d VA@
|d VDB
|d OCLCA
|d OCLCF
|d OCLCQ
|d OCLCO
|d CNUTO
|d MUX
|d BRL
|d OCL
|d OCLCA
|d BOS
|d OCL
|d OCLCO
|d OCLCQ
|d OCLCL
|d TXA
|
| 041 |
0 |
|
|g eng
|
| 043 |
|
|
|a e-uk-en
|
| 048 |
|
|
|a vn03
|
| 048 |
|
|
|a vn04
|
| 050 |
|
4 |
|a M1578.T23
|b C3
|
| 082 |
0 |
4 |
|a 784.108
|
| 090 |
|
|
|a M1578.T23
|b C3 1945
|
| 100 |
1 |
|
|a Taylor, Mary Catherine,
|d 1903-
|e editor.
|1 https://id.oclc.org/worldcat/entity/E39PCjH4qwgHTpc99MqKp4tmgq
|
| 245 |
1 |
0 |
|a Catch that catch can :
|b one hundred English rounds and catches /
|c edited by Mary Catherine Taylor, Margarita Windham and Claude Simpson.
|
| 246 |
3 |
0 |
|a One hundred English rounds and catches
|
| 264 |
|
1 |
|a Boston, Mass. :
|b E.C. Schirmer Music Co.,
|c 1945.
|
| 300 |
|
|
|a iv, 91 pages :
|b music ;
|c 15 x 23 cm
|
| 336 |
|
|
|a notated music
|b ntm
|2 rdacontent
|
| 337 |
|
|
|a unmediated
|b n
|2 rdamedia
|
| 338 |
|
|
|a volume
|b nc
|2 rdacarrier
|
| 490 |
1 |
|
|a E.C.S. choral songs ;
|v no. 2038
|
| 500 |
|
|
|a By various composers.
|
| 500 |
|
|
|a For 3 or 4 voices.
|
| 500 |
|
|
|a The Cushing Library/Rare Books copy was acquired as part of the Lois Goddard Morrison Collection of Eighteenth Century Literature.
|5 TXA
|
| 538 |
|
|
|a From the Howard Mayer Brown, Edward Downes and Mary Schieffelin Book Collections, October 2004.
|
| 505 |
0 |
0 |
|t Adieu, sweet Amarillis --
|t Agreement --
|t Ah, how, Sophia, can you leave --
|t Ape, a lion, a fox and an ass --
|t Assignation --
|t Ah, sorry poor Frenchmen --
|t Almanac --
|t Tom Jolly's nose --
|t Banbury ale --
|t Do, re, mi, fa --
|t Call Philip Flatnose --
|t Care, thou canker of our joys --
|t In praise of white wine --
|t O'er Neptune's dominions --
|t Old chairs to mend --
|t Fie, nay, prithee, John --
|t Come, follow me! --
|t Curs'd be the wretch --
|t Come hither, Tom --
|t Farewell, dear --
|t Before you make a promise --
|t Come, honest friends --
|t Five reasons --
|t He that drinks is immortal --
|t Give me the sweet delights of love --
|t Boat, a boat! --
|t Have you Sir John Hawkins' hist'ry? --
|t Hark! the bonny Christ Church bells --
|t John ran --
|t Her partial taste --
|t Homer --
|t Great Tom is cast --
|t How sweet the hour of closing day --
|t Hey ho, nobody at home --
|t Let's drink to all our wives --
|t Here's a health to our fleet! --
|t Go learn of the ant --
|t Early to bed and early to rise --
|t How great is the pleasure --
|t How merrily looks the man that hath gold --
|t Once in our lives --
|t She that will eat her breakfast in her bed --
|t I gave her cakes and I gave her ale --
|t Half an hour past twelve o'clock --
|t I want to dress --
|t Jinkin the jester --
|t White sand and grey sand --
|t If you trust before you try --
|t Peter White --
|t Ill fares the family --
|t He that will an alehouse keep --
|t Here lies a woman --
|t Let us drink and be merry --
|t Let us love and drink --
|t Life is a jest --
|t Mark where the bee --
|t My dame hath a lame, tame crane --
|t Macedon youth --
|t Now the last load --
|t Haste thee, nymph --
|t Now we are met --
|t On life --
|t On mun saint --
|t One industrious insect --
|t Mate to a cock --
|t Prithee, ben't so sad and serious --
|t Happy days --
|t Once in Arcadia --
|t I envy not the mighty great --
|t River, that in silence windest --
|t Silver swan --
|t John Dory --
|t Slaves are they --
|t Three blind mice --
|t Sound the clarion! --
|t Sports of May --
|t There was three cooks in Colebrook --
|t Three toasts --
|t 'Tis too late for a coach --
|t Sing one, two, three --
|t 'Tis women --
|t Three bulls and a bear --
|t We list to the sound --
|t Well rung, Tom! --
|t To our musical club --
|t 'Twas you, sir! --
|t When a woman that's buxom --
|t Wilt thouh lend me thy mare --
|t Wise man sees lessons of wisdom --
|t Would you know how we meet --
|t Wisdom, riches, and greatness --
|t What hap had I --
|t With a down, down, hey, derry down --
|t When V and I together meet --
|t With deep-toned horn --
|t Slaves to the world --
|t Woman's rule --
|t Would you sing a round with pleasure --
|t Yawning round --
|t Wise men were but sev'n.
|
| 650 |
|
0 |
|a Glees, catches, rounds, etc.
|
| 650 |
|
0 |
|a Canons, fugues, etc. (Voices)
|
| 650 |
|
0 |
|a Canons, fugues, etc. (Chorus)
|
| 650 |
|
6 |
|a Glees, catches, rounds, etc.
|
| 650 |
|
7 |
|a Glees, catches, rounds, etc.
|2 fast
|0 (OCoLC)fst00943406
|
| 655 |
|
7 |
|a Scores.
|2 fast
|0 (OCoLC)fst01692898
|
| 655 |
|
7 |
|a Part songs.
|2 fast
|0 (OCoLC)fst01920272
|
| 655 |
|
7 |
|a Rounds (Music)
|2 fast
|0 (OCoLC)fst01920328
|
| 655 |
|
7 |
|a Rounds (Music)
|2 lcgft
|
| 655 |
|
7 |
|a Part songs.
|2 lcgft
|
| 655 |
|
7 |
|a Scores.
|2 lcgft
|
| 655 |
|
7 |
|a Rounds (Musique)
|2 rvmgf
|
| 655 |
|
7 |
|a Polyphonies.
|2 rvmgf
|
| 655 |
|
7 |
|a Partitions (Musique)
|2 rvmgf
|
| 700 |
1 |
|
|a Hilton, John, ‡d 1599-1657.
|
| 700 |
1 |
|
|a Windham, Margarita,
|e editor.
|
| 700 |
1 |
|
|a Simpson, Claude M.
|q (Claude Mitchell),
|d 1910-1976,
|e editor.
|1 https://id.oclc.org/worldcat/entity/E39PCjH3RpHdkTvrhQH3wdrPBd
|
| 758 |
|
|
|i has work:
|a Catch that catch can (NotatedMusic)
|1 https://id.oclc.org/worldcat/entity/E39PCH34WT7wCFCW8KhJGph9ym
|4 https://id.oclc.org/worldcat/ontology/hasWork
|
| 776 |
0 |
8 |
|i Online version:
|a Taylor, Mary Catherine, 1903-
|t Catch that catch can.
|d Boston, Mass., E.C. Schirmer music Co., 1945
|w (OCoLC)649494159
|
| 830 |
|
0 |
|a E.C.S. choral songs ;
|v no. 2038.
|
| 948 |
|
|
|h HELD BY TXA - 120 OTHER HOLDINGS
|
| 994 |
|
|
|a Z0
|b TXA
|
| 999 |
f |
f |
|s 4064fa91-890a-3f24-bdaa-d3f1d778e202
|i 16529a82-55d8-3b07-bb36-afc86dccce94
|t 0
|
| 952 |
f |
f |
|p noncirc
|a Texas A&M University
|b College Station
|c Cushing Memorial Library & Archives
|d Cushing: Rare Books (Does not check out)
|t 0
|e M1578.T23 C3 1945
|h Library of Congress classification
|i unmediated -- volume
|m A14834526750
|
| 998 |
f |
f |
|a M1578.T23 C3 1945
|t 0
|l Cushing: Rare Books (Does not check out)
|